000 00695nam a22002297a 4500
008 130821s1993 sp gr spa
020 _a8479031395
040 _aCo-BoUCM
_bspa
041 0 0 _aspa
060 _aWE 830
_bZ27a
_21993
100 _aZancolli, Eduardo
_9147859
245 0 0 _aAtlas de anatomía quirúrgica de la mano
_cEduardo Zancolli
260 _aMadrid (España)
_bEditorial médica panamericana
_c1993
300 _a840 páginas
650 0 4 _aAnatomía
_99026
650 0 4 _aCirugía
_97407
650 0 4 _aEstética
_915073
650 0 4 _aManos
_918920
650 0 4 _aOrtopedia
_926544
700 _aCozzi, Elbio p.
_9170496
942 _cLIBRO
_a15
_e1
_mZ27A
_2NLM
_hWE 830
_n0
999 _c83056
_d83056